00528nam a2200193 a 450000100060000000300080000600500170001400800410003103500190007204000270009104100080011808200250012610000340015124500420018526000370022730000340026450000190029865000170031772407BD-RjUL20211209082246.0170517s1936 enkabf b 001 0 eng  a(BD-RjUL)72625 aDLCcFMUdBD-RjULbeng aeng a551.22223bDAG 19361 aDavison, Charles,d1858-1940.10aGreat earthquakes /cCharles Davison  aLondon :bT. Murby & Co.,c1936. axii, 286 p. :bill. ;c22 cm. aIncludes index 0aEarthquakes.